000 00555naa a2200217 i 4500
001 80497
003 ES-MaBCM
005 20241016120753.0
008 020122s2001 fra 000 0 fre d
021 _axx
035 _a(OCoLC)1365268837
040 _cES-MaBCM
041 0 _afre
043 _afra
245 0 0 _aLa nouvelle V Republique
520 _aDossier sobre el tema
651 4 _aFrancia
_9115364
650 2 7 _aSituación política
_960283
773 0 _aEn:
_tPouvoirs
_dParis : 2001
_w104493
_gnº 99, p. 7-170. - Loc. S.74
942 _cAREV
999 _c80497
_d80497